Central Library OPAC University of Rajshahi
Normal view MARC view

Entry Personal Name

Number of records used in: 4

001 - CONTROL NUMBER

  • control field: 16723

003 - CONTROL NUMBER IDENTIFIER

  • control field: BD-RjUL

005 - DATE AND TIME OF LATEST TRANSACTION

  • control field: 20250901154506.0

008 - FIXED-LENGTH DATA ELEMENTS

  • fixed length control field: 250901|| aca||aabn | a|a d

040 ## - CATALOGING SOURCE

  • Original cataloging agency: BD-RjUL
  • Transcribing agency: BD-RjUL

100 ## - HEADING--PERSONAL NAME

  • Personal name: Adam, James,
  • Dates associated with a name: 1860-1907

670 ## - SOURCE DATA FOUND

  • Source citation: Work cat.: (BD-RjUL)36347: Plato. 110616, The Republic of Plato /, 1963, [reprinted 1965]